[Event "4NCL/Div3/OXF3 vs. GLOSG"]
[Site "Hinckley Island ENG"]
[Date "2010.02.20"]
[Round "5.4"]
[White "Taylor, Geoffrey P"]
[Black "Langham, Rod E"]
[Result "1-0"]
[WhiteElo "1962"]
[BlackElo "1786"]
[PlyCount "56"]
[EventDate "2010.02.20"]
[SourceDate "2009.10.24"]

1. e4 e6 2. d4 d5 3. e5 c5 4. c3 Bd7 5. Nf3 Nc6 6. a3 Qb6 7. Be2 Rc8 8. O-O Be7
9. b4 cxb4 10. cxb4 a6 11. Be3 Nh6 12. Bxh6 gxh6 13. Qd2 Bg5 14. Qd3 Ne7 15.
Nc3 Ng6 16. g3 Rg8 17. Kh1 Qd8 18. Nd2 Bxd2 19. Qxd2 Qg5 20. f4 Qd8 21. f5 Ne7
22. f6 Ng6 23. Rac1 Qb6 24. Na4 Qd8 25. Nc5 Bc6 26. Nxe6 Qb6 27. Nc5 Bd7 28.
Nxd7 Kxd7 1-0

[Event "4NCL/Div3/OXF3 vs. GLOSG"]
[Site "Hinckley Island ENG"]
[Date "2010.02.20"]
[Round "5.5"]
[White "Wang, Maria"]
[Black "Meade, Philip J"]
[Result "0-1"]
[WhiteElo "1677"]
[BlackElo "1960"]
[PlyCount "94"]
[EventDate "2010.02.20"]
[SourceDate "2009.10.24"]

1. e4 c5 2. Nf3 e6 3. d4 cxd4 4. Nxd4 Nc6 5. Nc3 Qc7 6. Be2 a6 7. O-O Nf6 8.
Bf3 Be7 9. Be3 Ne5 10. Rb1 b5 11. a3 Bb7 12. Re1 Rc8 13. Kh1 Nc4 14. e5 Bxf3
15. Nxf3 Ng4 16. Bd4 f6 17. exf6 Nxf6 18. Bxf6 Bxf6 19. Nd5 Qd8 20. Nxf6+ Qxf6
21. Qd5 Ke7 22. Rbd1 Rhd8 23. b3 Kf8 24. Qh5 Nxa3 25. Ng5 Ke7 26. Nxh7 Qh6 27.
Qf5 Nxc2 28. Re4 Nd4 29. Qe5 Rc1 30. Rexd4 Rxd1+ 31. Rxd1 Qxh7 32. h3 d6 33.
Qg5+ Ke8 34. Re1 Kd7 35. Rxe6 Kxe6 36. Qxd8 d5 37. Qb6+ Ke5 38. Kh2 Qh6 39.
Qc7+ Kd4 40. b4 Qg5 41. Qc5+ Kd3 42. g3 Qe5 43. Kg2 Qe4+ 44. Kg1 Qe1+ 45. Kg2
d4 46. Qd6 Qe4+ 47. Kg1 Ke2 0-1

[Event "4NCL/Div3/OXF3 vs. GLOSG"]
[Site "Hinckley Island ENG"]
[Date "2010.02.20"]
[Round "5.6"]
[White "Baker, Patrick"]
[Black "Wang, Xingliang Anna"]
[Result "0-1"]
[WhiteElo "1794"]
[BlackElo "1698"]
[PlyCount "74"]
[EventDate "2010.02.20"]
[SourceDate "2009.10.24"]

1. d4 Nf6 2. Nf3 g6 3. Nc3 d5 4. Bf4 a6 5. e3 Bg7 6. Be2 O-O 7. h4 Nc6 8. Ne5
h5 9. f3 Be6 10. g4 Kh7 11. Rg1 Rh8 12. a3 Kg8 13. g5 Ne8 14. Qd2 Nd6 15. O-O-O
Nf5 16. Qe1 Na7 17. Qf2 c6 18. Nd3 b5 19. Nc5 Bc8 20. e4 dxe4 21. fxe4 Nxd4 22.
e5 Nxe2+ 23. Qxe2 Qb6 24. Qf2 Bf5 25. Rd4 Kh7 26. Rgd1 Qxc5 27. Be3 Qxe5 28.
Bf4 Qc5 29. Be3 Bxd4 30. Bxd4 Qc4 31. Bxa7 Rhd8 32. Bd4 Rac8 33. Qe3 c5 34. b3
cxd4 35. Qxe7 Qxc3 36. Qxf7+ Kh8 37. Rd3 Qxc2# 0-1

[Event "4NCL/Div3/BAB vs. GUEM"]
[Site "Hinckley Island ENG"]
[Date "2010.02.20"]
[Round "5.1"]
[White "Davies, Matthew"]
[Black "Rowe, Peter"]
[Result "1-0"]
[WhiteElo "1956"]
[BlackElo "2023"]
[PlyCount "91"]
[EventDate "2010.02.20"]
[SourceDate "2009.10.24"]

1. d4 d5 2. c4 e6 3. Nc3 Nf6 4. cxd5 exd5 5. Bg5 c6 6. Qc2 g6 7. e3 Bf5 8. Bd3
Bxd3 9. Qxd3 Be7 10. Nf3 Nbd7 11. O-O O-O 12. a3 Re8 13. b4 Ne4 14. Bxe7 Qxe7
15. b5 Nxc3 16. Qxc3 cxb5 17. Qb3 Qd6 18. Qxb5 a6 19. Qb3 Rec8 20. Rfc1 b6 21.
Rc3 Rxc3 22. Qxc3 b5 23. Ne5 Nb6 24. Nd3 Rc8 25. Qb4 Qc6 26. g3 Nc4 27. a4 bxa4
28. Qxa4 a5 29. Qxc6 Rxc6 30. Nf4 Rd6 31. Ra4 Kg7 32. Nxd5 Rxd5 33. Rxc4 Rb5
34. Rc6 f5 35. h4 a4 36. Ra6 Rb1+ 37. Kg2 Ra1 38. Kf3 a3 39. Kf4 Kf7 40. Ke5
Rf1 41. Ra7+ Ke8 42. f4 Ra1 43. Ke6 Kd8 44. d5 a2 45. d6 Kc8 46. d7+ 1-0

[Event "4NCL/Div3/BAB vs. GUEM"]
[Site "Hinckley Island ENG"]
[Date "2010.02.20"]
[Round "5.2"]
[White "Ozanne, Mark S"]
[Black "Carpenter, David J"]
[Result "0-1"]
[WhiteElo "2028"]
[BlackElo "1983"]
[PlyCount "104"]
[EventDate "2010.02.20"]
[SourceDate "2009.10.24"]

1. e4 g6 2. d4 d6 3. Nc3 c6 4. f4 d5 5. e5 h5 6. Nf3 Nh6 7. Bd3 Bf5 8. Be3 Qb6
9. Qd2 e6 10. Na4 Qb4 11. Qxb4 Bxb4+ 12. Ke2 Nd7 13. h3 b5 14. a3 Be7 15. Nc3
Nb6 16. g3 Kd7 17. b3 a5 18. a4 b4 19. Nd1 Rac8 20. Bf2 Bxd3+ 21. Kxd3 Nf5 22.
Ne3 c5 23. Nxf5 c4+ 24. Kd2 gxf5 25. Rac1 Rc7 26. Ng1 cxb3 27. cxb3 Rxc1 28.
Kxc1 Rc8+ 29. Kb2 Rc3 30. Ne2 Rf3 31. Rh2 Nc4+ 32. bxc4 dxc4 33. d5 exd5 34.
Bb6 Ra3 35. Bxa5 Bc5 36. Bxb4 Bxb4 37. Nd4 Rxg3 38. Nxf5 Rf3 39. Ng7 Rxf4 40.
Nxh5 Rf5 41. Nf6+ Ke6 42. Ng4 Rf3 43. h4 Rb3+ 44. Ka2 Rg3 45. Nf2 Kxe5 46. h5
Bf8 47. Kb1 f5 48. a5 Bh6 49. Nd1 Rb3+ 50. Rb2 Rxb2+ 51. Kxb2 Kd6 52. Kc3 Kc5
0-1

[Event "4NCL/Div3/BAB vs. GUEM"]
[Site "Hinckley Island ENG"]
[Date "2010.02.20"]
[Round "5.3"]
[White "Corcoran, Gary"]
[Black "Carpenter, Paul"]
[Result "1-0"]
[WhiteElo "1866"]
[BlackElo "1826"]
[PlyCount "69"]
[EventDate "2010.02.20"]
[SourceDate "2009.10.24"]

1. e4 c6 2. d4 d5 3. e5 Bf5 4. Ne2 e6 5. Ng3 Bg6 6. h4 h6 7. h5 Bh7 8. Bd3 Bxd3
9. cxd3 Qb6 10. Be3 Qxb2 11. Nd2 Bb4 12. Rb1 Bxd2+ 13. Kf1 Qxa2 14. Bxd2 b6 15.
Rh4 Nd7 16. Rg4 Rh7 17. Ra1 Qb2 18. Ne2 Qb5 19. Rg3 a5 20. Rb1 Qa6 21. Nf4 Ne7
22. Qg4 Nf8 23. Rf3 b5 24. Ne2 g5 25. hxg6 Nfxg6 26. Rf6 Kd7 27. Ng3 Rg8 28.
Qf3 Nh4 29. Qh5 b4 30. Ke2 Nhg6 31. Qf3 Nh4 32. Qh5 Nhg6 33. Rf3 Qa7 34. Be3
Ke8 35. Qh3 {scoresheets illegible} 1-0

[Event "4NCL/Div3/BAB vs. GUEM"]
[Site "Hinckley Island ENG"]
[Date "2010.02.20"]
[Round "5.4"]
[White "Brookfield, Toby N"]
[Black "Foster, William CE"]
[Result "1-0"]
[WhiteElo "1796"]
[BlackElo "1800"]
[PlyCount "46"]
[EventDate "2010.02.20"]
[SourceDate "2009.10.24"]

1. e4 c5 2. Nf3 a6 3. Nc3 e6 4. d4 cxd4 5. Nxd4 b5 6. e5 Qc7 7. f4 Bb7 8. Be3
Ne7 9. Qd2 b4 10. Ncb5 axb5 11. Nxb5 Qc6 12. Nd6+ Kd8 13. Bb5 Qc7 14. Nxf7+ Ke8
15. Nxh8 Nd5 16. Bd3 b3 17. a3 bxc2 18. Rc1 Nxe3 19. Qxe3 Bc5 20. Qe2 Ra4 21.
Qh5+ Kd8 22. Nf7+ Ke7 23. Rxc2 Rxf4 1-0

[Event "4NCL/Div3/BAB vs. GUEM"]
[Site "Hinckley Island ENG"]
[Date "2010.02.20"]
[Round "5.5"]
[White "Parry, Matthew"]
[Black "O'Connor, Jonathan T"]
[Result "1-0"]
[WhiteElo "1794"]
[BlackElo "1675"]
[PlyCount "124"]
[EventDate "2010.02.20"]
[SourceDate "2009.10.24"]

1. d4 c5 2. d5 d6 3. e4 Nd7 4. Nf3 g6 5. c3 Bg7 6. Bf4 Qb6 7. Qc2 Ngf6 8. Nbd2
Qc7 9. Bd3 O-O 10. O-O e5 11. dxe6 fxe6 12. Nc4 Nxe4 13. g3 Rxf4 14. gxf4 d5
15. Nce5 Nxe5 16. Nxe5 Bxe5 17. fxe5 Qxe5 18. Bxe4 dxe4 19. Rae1 Qg5+ 20. Kh1
Bd7 21. Re3 Bc6 22. Rg3 Qf5 23. Kg1 Rf8 24. Qd2 Qh5 25. Qg5 Qe2 26. Qxc5 Rf5
27. Qd6 Bd5 28. b3 Qxa2 29. c4 Bc6 30. Qxe6+ Rf7 31. Rd1 Qxf2+ 32. Kh1 e3+ 33.
Rd5 Bxd5+ 34. cxd5 e2 35. Qe8+ Kg7 36. Qe5+ Qf6 37. Qxe2 Qa1+ 38. Rg1 Qd4 39.
Qe6 Rf2 40. Re1 Rd2 41. Qd7+ Kf6 42. Qe7+ Kf5 43. Rf1+ Kg4 44. Rg1+ Kf3 45.
Rg3+ Kf2 46. Qf7+ Ke1 47. Rg1+ Ke2 48. Qf1+ Ke3 49. Rg3+ Ke4 50. Rg4+ Kxd5 51.
Rxd4+ Kxd4 52. Qc4+ Ke3 53. Kg1 Kf3 54. Qc3+ Ke2 55. Kg2 Rd3 56. Qe5+ Re3 57.
Qb5+ Kd2 58. Qxb7 a5 59. Qd5+ Rd3 60. Qxa5+ Ke3 61. b4 Kf4 62. Qc7+ Kg4 1-0

[Event "4NCL/Div3/BAB vs. GUEM"]
[Site "Hinckley Island ENG"]
[Date "2010.02.20"]
[Round "5.6"]
[White "Smith, David"]
[Black "Smith, Steve"]
[Result "1-0"]
[WhiteElo "1532"]
[BlackElo "1542"]
[PlyCount "67"]
[EventDate "2010.02.20"]
[SourceDate "2009.10.24"]

1. d4 d5 2. Nf3 Nf6 3. Bf4 Bf5 4. e3 e6 5. c4 Bd6 6. Bxd6 Qxd6 7. c5 Qe7 8. Nc3
O-O 9. Bd3 Bxd3 10. Qxd3 c6 11. O-O Nbd7 12. b4 e5 13. dxe5 Nxe5 14. Nxe5 Qxe5
15. h3 Rad8 16. Ne2 Rfe8 17. Nd4 Nd7 18. a4 a5 19. Qc3 axb4 20. Qxb4 Qc7 21. a5
Ra8 22. Rfc1 Ra7 23. Ra2 Rea8 24. Rca1 Ne5 25. Qc3 Nc4 26. Nb3 Qd8 27. e4 b6
28. cxb6 Nxb6 29. Qxc6 dxe4 30. Qxb6 Qxb6 31. axb6 Rxa2 32. Rxa2 Rb8 33. b7 f5
34. Ra8 1-0

[Event "4NCL/Div3/KJCAN vs. HAL"]
[Site "Hinckley Island ENG"]
[Date "2010.02.20"]
[Round "5.1"]
[White "Balendran, Baven"]
[Black "Brockbank, Henry"]
[Result "1/2-1/2"]
[WhiteElo "1858"]
[BlackElo "2109"]
[PlyCount "35"]
[EventDate "2010.02.20"]
[SourceDate "2009.10.24"]

1. e4 d5 2. exd5 Nf6 3. Nc3 Nxd5 4. Bc4 c6 5. Qf3 e6 6. Nge2 Be7 7. O-O O-O 8.
d4 Nd7 9. Nxd5 exd5 10. Bd3 Nf6 11. h3 Re8 12. Be3 g6 13. Bh6 Ne4 14. Ng3 Bg5
15. Bxg5 Nxg5 16. Qd1 Qf6 17. c3 Bd7 18. Rc1 1/2-1/2

[Event "4NCL/Div3/KJCAN vs. HAL"]
[Site "Hinckley Island ENG"]
[Date "2010.02.21"]
[Round "5.2"]
[White "Clanchy, Nicholas"]
[Black "Doran, Michael J"]
[Result "1-0"]
[WhiteElo "1858"]
[BlackElo "1884"]
[PlyCount "89"]
[EventDate "2010.02.20"]
[SourceDate "2009.10.24"]

1. g3 Nf6 2. Bg2 d5 3. d3 e5 4. a3 Bd6 5. Bg5 c6 6. Nd2 Nbd7 7. e4 h6 8. Bxf6
Nxf6 9. Ne2 O-O 10. O-O Be6 11. Nc3 a6 12. Qe1 Bc5 13. exd5 cxd5 14. Nf3 Re8
15. Qxe5 Bd7 16. Qf4 Qb6 17. Qd2 d4 18. Ne2 a5 19. Rab1 Qd6 20. Rfe1 Bc6 21.
Qf4 Qxf4 22. Nxf4 g5 23. Ne2 Rad8 24. Nd2 Bxg2 25. Kxg2 b5 26. Nb3 Bb6 27. Rbd1
Rd7 28. Kf1 Rc8 29. Rd2 a4 30. Na1 Ba5 31. c3 dxc3 32. bxc3 Nd5 33. Rc1 Rdc7
34. Rdc2 Nxc3 35. Nxc3 Rxc3 36. Rxc3 Rxc3 37. Rxc3 Bxc3 38. Nc2 Be5 39. Ke2 Bd6
40. Ke3 Kg7 41. Ke4 Kf6 42. Kd5 Ke7 43. Kc6 Bxa3 44. Nxa3 b4 45. Nc2 1-0

[Event "4NCL/Div3/KJCAN vs. HAL"]
[Site "Hinckley Island ENG"]
[Date "2010.02.20"]
[Round "5.3"]
[White "Lee, Darren"]
[Black "Murphy, Conor"]
[Result "0-1"]
[WhiteElo "1890"]
[BlackElo "1794"]
[PlyCount "64"]
[EventDate "2010.02.20"]
[SourceDate "2009.10.24"]

1. d4 d5 2. c4 e6 3. Nc3 c6 4. Nf3 Nf6 5. e3 Nbd7 6. Qc2 Bd6 7. g4 h6 8. Bd2
dxc4 9. Bxc4 b5 10. Be2 Bb7 11. Rg1 a6 12. g5 hxg5 13. Rxg5 g6 14. O-O-O Qe7
15. Rgg1 O-O-O 16. Ng5 Bxh2 17. Rg2 c5 18. Bf3 Bxf3 19. Nxf3 Bc7 20. dxc5 Nxc5
21. Nd4 Kb7 22. b4 e5 23. bxc5 exd4 24. exd4 Rxd4 25. Bg5 Bf4+ 26. Bxf4 Rxf4
27. c6+ Kc8 28. Qb2 Rc4 29. Rg3 b4 30. Re3 Rxc3+ 31. Rxc3 bxc3 32. Qxc3 Rh5 0-1

[Event "4NCL/Div3/KJCAN vs. HAL"]
[Site "Hinckley Island ENG"]
[Date "2010.02.21"]
[Round "5.4"]
[White "Asbury, Jon A"]
[Black "Kalid, Raphael"]
[Result "1/2-1/2"]
[WhiteElo "1786"]
[BlackElo "1786"]
[PlyCount "44"]
[EventDate "2010.02.20"]
[SourceDate "2009.10.24"]

1. d4 Nf6 2. c4 Nc6 3. Nc3 e5 4. d5 Ne7 5. e4 Ng6 6. Bd3 Bc5 7. Na4 Bb4+ 8. Bd2
Bxd2+ 9. Qxd2 d6 10. Ne2 Qe7 11. O-O O-O 12. b4 Nh5 13. Nac3 Nhf4 14. Nxf4 Nxf4
15. Ne2 Nxd3 16. Qxd3 f5 17. f3 f4 18. g4 Qg5 19. Rf2 h5 20. h4 Qg6 21. g5 a5
22. b5 b6 1/2-1/2

[Event "4NCL/Div3/KJCAN vs. HAL"]
[Site "Hinckley Island ENG"]
[Date "2010.02.20"]
[Round "5.5"]
[White "Reddiar, Gautham"]
[Black "Peck, Windsor WA"]
[Result "0-1"]
[WhiteElo "1746"]
[BlackElo "1856"]
[PlyCount "116"]
[EventDate "2010.02.20"]
[SourceDate "2009.10.24"]

1. e4 e6 2. d4 d5 3. e5 c5 4. c3 Ne7 5. Nf3 Nec6 6. Be2 Nd7 7. O-O Be7 8. Re1
O-O 9. Nbd2 Qb6 10. Nf1 cxd4 11. cxd4 Bb4 12. Bd2 Nxd4 13. Bxb4 Nxe2+ 14. Rxe2
Qxb4 15. Rc1 b6 16. Rc3 Nc5 17. Ng3 Bb7 18. a3 Qa4 19. Qxa4 Nxa4 20. Rc7 Ba6
21. Rec2 Rac8 22. h3 Nc5 23. Rxa7 Ra8 24. Rxa8 Rxa8 25. Nd4 Rc8 26. b4 Nd3 27.
Rxc8+ Bxc8 28. Nf3 Ba6 29. Nf1 Bc4 30. Ne3 Kf8 31. Nxc4 dxc4 32. Kf1 Ke7 33. g3
Kd7 34. b5 f6 35. exf6 gxf6 36. Ke2 Kd6 37. Nd2 Kd5 38. Ke3 f5 39. f4 e5 40.
Nb1 exf4+ 41. gxf4 Kc5 42. Nc3 h6 43. Ne2 Ne1 44. Ng3 Ng2+ 45. Kd2 Nxf4 46.
Nxf5 Kxb5 47. Nxh6 Nxh3 48. Kc3 Nf4 49. Nf5 Kc5 50. Ne3 Nd5+ 51. Nxd5 Kxd5 52.
Kc2 b5 53. Kd2 Kd4 54. Kc2 c3 55. Kc1 Kd3 56. Kd1 c2+ 57. Kc1 Kc3 58. a4 b4 0-1

[Event "4NCL/Div3/KJCAN vs. HAL"]
[Site "Hinckley Island ENG"]
[Date "2010.02.21"]
[Round "5.6"]
[White "Paul, Barnaby J"]
[Black "Pitt, Chris W"]
[Result "1/2-1/2"]
[WhiteElo "1610"]
[BlackElo "1698"]
[PlyCount "103"]
[EventDate "2010.02.20"]
[SourceDate "2009.10.24"]

1. c4 Nf6 2. Nc3 c5 3. g3 d5 4. cxd5 Nxd5 5. Bg2 Nc7 6. e3 Nc6 7. Nge2 e5 8. b3
Be7 9. Bb2 O-O 10. Na4 Na6 11. O-O Nab4 12. d4 cxd4 13. exd4 exd4 14. Nxd4 Nxd4
15. Qxd4 Qxd4 16. Bxd4 Nc2 17. Rad1 Nxd4 18. Rxd4 Rb8 19. Re1 Bf6 20. Rb4 b5
21. Rc1 a5 22. Re4 bxa4 23. Rxa4 Rb5 24. Bf1 Re5 25. f4 Rd5 26. Bg2 Bd4+ 27.
Kh1 Rc5 28. Rxc5 Bxc5 29. Rxa5 Bf2 30. Rd5 Re8 31. Rd1 Re1+ 32. Rxe1 Bxe1 33.
Bd5 Bb4 34. a4 Be6 35. Bxe6 fxe6 36. Kg2 Kf7 37. Kf3 Ke7 38. Ke4 Kd6 39. g4 Bc5
40. h3 Bb4 41. h4 Bc3 42. h5 h6 43. g5 Kc5 44. a5 Kb5 45. b4 Bb2 46. gxh6 gxh6
47. f5 exf5+ 48. Kxf5 Bd4 49. Kg6 Be3 50. Kg7 Kc6 51. a6 Kb6 52. b5 1/2-1/2

[Event "4NCL/Div3/HAL vs. E2E43"]
[Site "Hinckley Island ENG"]
[Date "2010.02.20"]
[Round "5.1"]
[White "Hope, Gary"]
[Black "Hewitt, Sean D"]
[Result "1/2-1/2"]
[WhiteElo "1938"]
[BlackElo "1951"]
[PlyCount "38"]
[EventDate "2010.02.20"]
[SourceDate "2009.10.24"]

1. e4 e5 2. d4 exd4 3. Qxd4 Nc6 4. Qe3 Bb4+ 5. Nc3 d6 6. Bd2 Be6 7. O-O-O Nge7
8. f4 f6 9. Kb1 O-O 10. Bd3 Qe8 11. Nge2 Bc5 12. Qg3 Nb4 13. f5 Nxd3 14. cxd3
Bd7 15. d4 Bb4 16. Bh6 Qf7 17. Rhf1 Bxc3 18. Nxc3 Kh8 19. Bf4 b5 1/2-1/2

[Event "4NCL/Div3/HAL vs. E2E43"]
[Site "Hinckley Island ENG"]
[Date "2010.02.21"]
[Round "5.2"]
[White "Hope, Gary"]
[Black "Booley, Graham M"]
[Result "1/2-1/2"]
[WhiteElo "1938"]
[BlackElo "1906"]
[PlyCount "79"]
[EventDate "2010.02.20"]
[SourceDate "2009.10.24"]

1. e4 e5 2. Nf3 Nc6 3. Bb5 a6 4. Ba4 Nf6 5. O-O b5 6. Bb3 Be7 7. Re1 O-O 8. d4
d6 9. c3 Re8 10. h3 h6 11. Nbd2 Bb7 12. a4 Bf8 13. dxe5 Nxe5 14. Nd4 c5 15. Nf5
Nd3 16. Re3 Nxc1 17. Rxc1 Nxe4 18. Qg4 Qg5 19. Qxg5 hxg5 20. Nf3 g6 21. Ng3
Nxg3 22. Rxe8 Rxe8 23. fxg3 Re2 24. Rc2 Bxf3 25. gxf3 Re1+ 26. Kf2 Ra1 27. axb5
axb5 28. Bd5 Ra6 29. Re2 Rb6 30. Re8 b4 31. c4 Ra6 32. Ra8 Rxa8 33. Bxa8 b3 34.
Bc6 Bg7 35. Ba4 Bxb2 36. Bxb3 Kg7 37. Bc2 Kf6 38. Be4 Ke5 39. Bd5 f5 40. Bf7
1/2-1/2

[Event "4NCL/Div3/HAL vs. E2E43"]
[Site "Hinckley Island ENG"]
[Date "2010.02.20"]
[Round "5.3"]
[White "Farrall, David J"]
[Black "Lee, Darren"]
[Result "0-1"]
[WhiteElo "1855"]
[BlackElo "1890"]
[PlyCount "60"]
[EventDate "2010.02.20"]
[SourceDate "2009.10.24"]

1. c4 e6 2. Nc3 Nf6 3. d4 Bb4 4. e3 b6 5. Nf3 Ne4 6. Qc2 f5 7. a3 Bxc3+ 8. bxc3
Bb7 9. a4 O-O 10. Ba3 d6 11. O-O-O Nd7 12. Ne1 c5 13. f3 Nef6 14. Nd3 Qe7 15.
Be2 e5 16. d5 e4 17. Nf2 exf3 18. Bxf3 Ne5 19. Be2 Ba6 20. Qa2 Qe8 21. Qb3 Nf7
22. Rd3 Rd8 23. Re1 Nxd5 24. cxd5 Bxd3 25. Bxd3 Ne5 26. Bb1 Qh5 27. Nh3 Qh4 28.
Qd1 Nc4 29. Bb2 Rde8 30. e4 Qh6+ 0-1

[Event "4NCL/Div3/HAL vs. E2E43"]
[Site "Hinckley Island ENG"]
[Date "2010.02.21"]
[Round "5.4"]
[White "Van Der Westhuizen, Charles V"]
[Black "Doran, Michael J"]
[Result "1-0"]
[WhiteElo "1858"]
[BlackElo "1884"]
[PlyCount "57"]
[EventDate "2010.02.20"]
[SourceDate "2009.10.24"]

1. d4 e6 2. Nf3 Nf6 3. c4 Bb4+ 4. Nbd2 b6 5. a3 Bxd2+ 6. Bxd2 Bb7 7. g3 c5 8.
dxc5 bxc5 9. Bg2 O-O 10. O-O Qe7 11. Bf4 d5 12. b4 Rd8 13. Qc1 cxb4 14. axb4
Na6 15. b5 Nb4 16. c5 Ne4 17. c6 Bc8 18. b6 Nc5 19. b7 Nxb7 20. cxb7 Bxb7 21.
Qb2 a5 22. Rfc1 Nc6 23. Rab1 Rd7 24. Ne5 Nxe5 25. Bxe5 f6 26. Bd4 e5 27. Bc5
Qe6 28. Qa2 f5 29. Rb3 1-0

[Event "4NCL/Div3/HAL vs. E2E43"]
[Site "Hinckley Island ENG"]
[Date "2010.02.20"]
[Round "5.5"]
[White "Peck, Windsor WA"]
[Black "Turvey, Steven S"]
[Result "1/2-1/2"]
[WhiteElo "1856"]
[BlackElo "1856"]
[PlyCount "42"]
[EventDate "2010.02.20"]
[SourceDate "2009.10.24"]

1. d4 d5 2. Nf3 Nf6 3. e3 e6 4. Bd3 c5 5. b3 b6 6. Bb2 Bd6 7. O-O Ba6 8. c4
Nbd7 9. Nbd2 Bb7 10. Re1 O-O 11. Rc1 Re8 12. Ne5 Rc8 13. Ndf3 h6 14. Rc2 Nb8
15. Qa1 Nc6 16. Rcc1 Bxe5 17. Nxe5 Nxe5 18. dxe5 Nd7 19. Bf1 Qc7 20. Be2 Red8
21. Bc3 a5 1/2-1/2

[Event "4NCL/Div3/E2E43 vs. KJCAN"]
[Site "Hinckley Island ENG"]
[Date "2010.02.20"]
[Round "5.1"]
[White "Booley, Graham M"]
[Black "Balendran, Baven"]
[Result "1-0"]
[WhiteElo "1906"]
[BlackElo "1858"]
[PlyCount "89"]
[EventDate "2010.02.20"]
[SourceDate "2009.10.24"]

1. e4 e5 2. Nf3 Nc6 3. Bb5 a6 4. Ba4 Nf6 5. O-O Be7 6. Qe2 b5 7. Bb3 d6 8. c3
Bg4 9. d3 Na5 10. Bc2 c5 11. Rd1 Nc6 12. Nbd2 h6 13. Nf1 Nh7 14. Ne3 Bh5 15.
Nf5 Bf6 16. Ng3 Bg4 17. h3 Be6 18. Bb3 Qe7 19. Nf5 Qd7 20. d4 cxd4 21. cxd4
Bxf5 22. exf5 Qe7 23. Bd5 Rc8 24. Bxc6+ Rxc6 25. Re1 O-O 26. dxe5 Re8 27. Nd4
Qc7 28. Nxc6 Qxc6 29. Qg4 Bg5 30. Bxg5 Nxg5 31. h4 Nh7 32. Rac1 Qd7 33. Rcd1
Qc6 34. Rxd6 Qc5 35. f6 g6 36. Qf4 h5 37. Qh6 Nxf6 38. Rxf6 Rxe5 39. Rxg6+ fxg6
40. Qxg6+ Kf8 41. Qf6+ Kg8 42. Rxe5 Qc1+ 43. Kh2 Qc8 44. Rg5+ Kh7 45. Qg7# 1-0

[Event "4NCL/Div3/E2E43 vs. KJCAN"]
[Site "Hinckley Island ENG"]
[Date "2010.02.21"]
[Round "5.2"]
[White "Foster, James M"]
[Black "Clanchy, Nicholas"]
[Result "1-0"]
[WhiteElo "1908"]
[BlackElo "1858"]
[PlyCount "61"]
[EventDate "2010.02.20"]
[SourceDate "2009.10.24"]

1. e4 g6 2. d4 Bg7 3. Nc3 d6 4. Be2 a6 5. Be3 b5 6. a3 Bb7 7. f4 Nd7 8. Bf3 c5
9. e5 Bxf3 10. Nxf3 cxd4 11. Bxd4 dxe5 12. fxe5 Nh6 13. e6 Nf6 14. Ng5 O-O 15.
exf7+ Nxf7 16. Ne6 Qd6 17. Nxf8 Rxf8 18. Qd3 e5 19. Bf2 Qxd3 20. cxd3 Rd8 21.
O-O-O Bh6+ 22. Kb1 Ng4 23. Bb6 Rd6 24. Bc5 Rc6 25. Ne4 Ng5 26. b4 Ne6 27. h3
Nxc5 28. hxg4 Be3 29. Nxc5 Bxc5 30. Rc1 Rd6 31. bxc5 1-0

[Event "4NCL/Div3/E2E43 vs. KJCAN"]
[Site "Hinckley Island ENG"]
[Date "2010.02.20"]
[Round "5.3"]
[White "Murphy, Conor"]
[Black "Van Der Westhuizen, Charles V"]
[Result "0-1"]
[WhiteElo "1794"]
[BlackElo "1858"]
[PlyCount "96"]
[EventDate "2010.02.20"]
[SourceDate "2009.10.24"]

1. e4 e5 2. Nf3 Nc6 3. Bc4 Nf6 4. d3 Be7 5. c3 O-O 6. O-O d5 7. exd5 Nxd5 8. h3
Nb6 9. Bb5 Bf6 10. Nbd2 Qd5 11. Bxc6 Qxc6 12. Qe2 Bf5 13. Ne4 Bxe4 14. dxe4
Rad8 15. Bg5 Rd7 16. Bxf6 Qxf6 17. Qb5 c6 18. Qa5 Nc4 19. Qxa7 Qe7 20. Rad1
Rfd8 21. Rxd7 Rxd7 22. b3 Nd2 23. Qe3 Nxf1 24. Kxf1 f6 25. Kg1 Qd6 26. Kh2 Qd3
27. Qe1 Qd1 28. Qe3 Qd3 29. Qe1 g6 30. a3 Qd1 31. Qe3 Qxb3 32. Qc5 Qe6 33. Qa5
Qd6 34. Qa4 Qd3 35. Qb4 Kg7 36. a4 Qd6 37. Qa5 c5 38. Nh4 Qd3 39. Qxc5 Qxe4 40.
g3 Qxa4 41. Qe3 Qd1 42. Qe4 Qd2 43. Kg1 Qxc3 44. Qg4 Qd3 45. Kg2 f5 46. Qg5
Qe4+ 47. Kh2 b5 48. Kg1 Rd1+ 0-1

[Event "4NCL/Div3/E2E43 vs. KJCAN"]
[Site "Hinckley Island ENG"]
[Date "2010.02.21"]
[Round "5.4"]
[White "Kalid, Raphael"]
[Black "Farrall, David J"]
[Result "1-0"]
[WhiteElo "1786"]
[BlackElo "1855"]
[PlyCount "71"]
[EventDate "2010.02.20"]
[SourceDate "2009.10.24"]

1. e4 c5 2. Nc3 d6 3. f4 g6 4. Bc4 Bg7 5. Nf3 e6 6. O-O Nc6 7. d3 Nge7 8. Qe1
Na5 9. Bb3 Nxb3 10. axb3 O-O 11. Be3 Nc6 12. Qg3 b6 13. Rad1 Nb4 14. Qf2 d5 15.
d4 Ba6 16. Rfe1 c4 17. bxc4 Bxc4 18. Ne5 Ba6 19. Bc1 Rc8 20. g4 Bb7 21. Nd3
Nxd3 22. cxd3 dxe4 23. dxe4 Rc4 24. Be3 f5 25. gxf5 gxf5 26. d5 e5 27. Qe2 Rc8
28. fxe5 Bxe5 29. exf5 Kh8 30. Bh6 Rg8+ 31. Kf1 Bf6 32. Kf2 Bh4+ 33. Kf3 Bf6
34. Qe6 Bxc3 35. bxc3 Rxc3+ 36. Re3 1-0

[Event "4NCL/Div3/E2E43 vs. KJCAN"]
[Site "Hinckley Island ENG"]
[Date "2010.02.20"]
[Round "5.5"]
[White "Homer, Neil S"]
[Black "Reddiar, Gautham"]
[Result "1-0"]
[WhiteElo "1754"]
[BlackElo "1746"]
[PlyCount "121"]
[EventDate "2010.02.20"]
[SourceDate "2009.10.24"]

1. Nf3 e6 2. c4 Nf6 3. Nc3 d5 4. d4 c6 5. Bg5 Nbd7 6. e3 Qa5 7. Bxf6 Nxf6 8.
Nd2 Bb4 9. Qc2 O-O 10. Be2 Bd7 11. O-O Rac8 12. Nb3 Qd8 13. c5 h6 14. a3 Bxc3
15. bxc3 Rb8 16. Rfb1 b6 17. cxb6 Rxb6 18. Nc5 Qc7 19. Rxb6 axb6 20. Nxd7 Nxd7
21. c4 Rc8 22. Rc1 Qa7 23. cxd5 exd5 24. Bg4 Qc7 25. a4 Qd6 26. Qb2 Rb8 27.
Bxd7 Qxd7 28. a5 Qa7 29. axb6 Qxb6 30. Qxb6 Rxb6 31. g3 Kf8 32. Kg2 Ke7 33. h4
Kd6 34. Rc2 Rb5 35. Kf3 c5 36. Rxc5 Rxc5 37. dxc5+ Kxc5 38. Kf4 d4 39. exd4+
Kxd4 40. Kf5 Kd5 41. f4 Kd6 42. h5 Ke7 43. g4 Kd7 44. g5 Ke7 45. gxh6 gxh6 46.
Ke5 Ke8 47. Kf6 Kf8 48. f5 Kg8 49. Ke7 Kg7 50. f6+ Kg8 51. Ke8 Kh8 52. Kxf7 Kh7
53. Ke8 Kg8 54. f7+ Kh7 55. f8=R Kg7 56. Rf7+ Kh8 57. Ke7 Kg8 58. Kf6 Kh8 59.
Kg6 Kg8 60. Rf1 Kh8 61. Rf8# 1-0

[Event "4NCL/Div3/E2E43 vs. KJCAN"]
[Site "Hinckley Island ENG"]
[Date "2010.02.21"]
[Round "5.6"]
[White "Turvey, Steven S"]
[Black "Paul, Barnaby J"]
[Result "0-1"]
[WhiteElo "1856"]
[BlackElo "1610"]
[PlyCount "60"]
[EventDate "2010.02.20"]
[SourceDate "2009.10.24"]

1. e4 e5 2. Nf3 Nc6 3. Bc4 Bc5 4. c3 Nf6 5. d3 d6 6. h3 Be6 7. Nbd2 Qd7 8. Ng5
Bxc4 9. Nxc4 h6 10. Nf3 O-O 11. O-O Rad8 12. b4 Bb6 13. a4 a5 14. b5 Ne7 15.
Ba3 Rfe8 16. Qc2 Ng6 17. Rfe1 Nh5 18. Bxd6 Bxf2+ 19. Qxf2 cxd6 20. Nxa5 Nhf4
21. Red1 Qc7 22. Nc4 Nxd3 23. Rxd3 Qxc4 24. Qd2 Nf4 25. Rxd6 Qc5+ 26. Rd4 Ne6
27. Qf2 exd4 28. cxd4 Nxd4 29. Nxd4 Qxd4 30. Qxd4 Rxd4 0-1

[Event "4NCL/Div3/NOTT1 vs. WWKS2"]
[Site "Hinckley Island ENG"]
[Date "2010.02.21"]
[Round "6.2"]
[White "Page, Mark E"]
[Black "Richmond, Robert J"]
[Result "0-1"]
[WhiteElo "1996"]
[BlackElo "2200"]
[PlyCount "80"]
[EventDate "2010.02.21"]
[SourceDate "2009.10.24"]

1. e4 e6 2. d4 d5 3. Nc3 Bb4 4. e5 c5 5. a3 Bxc3+ 6. bxc3 Qc7 7. Qg4 f5 8. Qg3
cxd4 9. cxd4 Ne7 10. c3 O-O 11. Ne2 b6 12. Nf4 Qd7 13. h4 Rf7 14. h5 Ba6 15.
Bxa6 Nxa6 16. Qd3 Nb8 17. a4 Nbc6 18. Qb5 Nc8 19. O-O a6 20. Qd3 Na5 21. h6 g6
22. Nh3 Qc6 23. Ng5 Rc7 24. Ba3 Qd7 25. f4 Rc4 26. Bb2 Nc6 27. g4 N8e7 28. gxf5
Nxf5 29. Qh3 Nd8 30. a5 b5 31. Ba3 Rac8 32. Rf3 Ra4 33. Bb2 Rxa1+ 34. Bxa1 Rc4
35. Qf1 Qc7 36. Bb2 Qxa5 37. Qg2 Nh4 38. Qh3 Nxf3+ 39. Qxf3 Qa2 40. Qg2 Qb1+
0-1